00489nam a2200169Ia 4500003000900000008004100009040001600050080001700066100002100083245008300104250001200187260004400199300001500243650001300258650002400271650002400295IN-BaIIA211028s9999 xx 000 0 eng d cIIA Library a52(091)bCLE aClerke, Agnes M. 2aA popular history of astronomy during the nineteenth centurycAgnes M. Clerke  a2nd ed. aEdinburghbAdam and Charles Blackc1887 axvi, 502p. aArchives aAstronomy - history aHistory - astronomy